LEADER 01511nam a2200313 i 4500 001 000000036616 003 CaOOAMICUS 005 20120303000000.0 008 120303s1987 it u000 u ita u 013 $a6354 020 $a88-215-0966-4 040 $aSeMil$bita 245 13$aUn itinerario di contemplazione :$bantologia di autori certosini /$cprefazione del card. Carlo M. Martini ; presentazione di mons. Jacques Martin. 250 $a2. edizione. 260 $aCinisello Balsamo (Milano) :$bPaoline,$c1987. 300 $a522 p. ;$c20 cm. 490 0 $aSpiritualitą/Maestri. 2. serie ;$v14 650 4$aCertosini.$0(OLS)http://semarc/subject/7089 650 4$aSpiritualitą - Antologie.$0(OLS)http://semarc/subject/7090 650 4$aPreghiera - Contemplazione.$0(OLS)http://semarc/subject/1696 700 1 $aMartini, Carlo Maria,$c.$0(OLS)http://semarc/name/89159 700 1 $aMartin, Jacques,$c.$0(OLS)http://semarc/name/17277 830 0$aSpiritualitą/Maestri. 2. serie ;$v14.$0(OLS)http://semarc/title/8688 850 $aSeMil 852 $aSeMil$W1$xVenegono$y1$m2C III 350$j2771$B2771$CSeMilBibl$Z2$F2771 $81 961 $aOmaggio: Delpini mons. Mario 996 $6020$a88-215-0966-4$9(OLS)http://semarc/number/5333 996 $6245$aUn itinerario di contemplazione :$bantologia di autori certosini$9(OLS)http://semarc/title/50791 996 $6260$aCinisello Balsamo (Milano) :$bPaoline$9(OLS)http://semarc/publisher/31197 LEADER 01482nam a2200325 i 4500 001 000000184655 003 CaOOAMICUS 005 20100115000000.0 008 100115s2009 it u000 u ita u 013 $a162637 020 $a978-88-382-4106-2 040 $aSeMil$bita 110 2 $aFUCI .$0(OLS)http://semarc/name/61803 245 10$aOrizzonti della cittadinanza :$bAnnale 2009 /$cFederazione Universitaria Cattolica Italiana ; a cura di Silvia Sanchini e Tiziano Torresi. 260 $aRoma :$bStudium,$c2009. 300 $a415 p. ;$c21 cm. 490 0 $aCoscienza. Studi ;$v60 650 4$aCittą.$0(OLS)http://semarc/subject/6682 650 4$aEuropa - Studi.$0(OLS)http://semarc/subject/7401 650 4$aCittadinanza.$0(OLS)http://semarc/subject/4912 650 4$aStudio - Formazione.$0(OLS)http://semarc/subject/34291 700 1 $aTorresi, Tiziano.$0(OLS)http://semarc/name/67450 700 1 $aSanchini, Silvia.$0(OLS)http://semarc/name/67842 830 0$aCoscienza. Studi ;$v60.$0(OLS)http://semarc/title/11155 850 $aSeMil 852 $aSeMil$W1$xVenegono$y1$m3F III 434$j135351$B135351$CSeMilBibl$Z2$F148116 $81 961 $aOmaggio: Delpini mons. Mario 996 $6020$a978-88-382-4106-2$9(OLS)http://semarc/number/174660 996 $6245$aOrizzonti della cittadinanza :$bAnnale 2009$9(OLS)http://semarc/title/265121 996 $6260$aRoma :$bStudium$9(OLS)http://semarc/publisher/29617